| 000 | 00000nas 2200000za 4500 |
| 001 | 9.508534 |
| 003 | CaOODSP |
| 005 | 20240215150447 |
| 007 | ta |
| 008 | 150406d19752012oncmn p #||||f| |0eng|d |
| 022 | |a0715-285X |
| 040 | |aCaOODSP|beng |
| 041 | |aeng|afre |
| 043 | |an-cn--- |
| 086 | 1 |aJS83-1 |
| 245 | 00|aLet's talk = |bEntre nous. |
| 246 | 11|aEntre nous |
| 260 | |aOttawa : |bPublic Affairs Division, Canadian Penitentiary and National Parole Services, |c[1975?]-2012. |
| 310 | |aIrregular |
| 520 | 3 |aCovers topics about the work of the Service across Canada. Issues contain articles related to day-to-day work; offenders; programs; employee and Service achievements; and other issues that would interest those in the correctional community. |
| 546 | |aText in English and French on inverted pages. |
| 550 | |aIssued 1979-2012 by Correctional Service Canada. |
| 690 | 07|aCorrectional institutions|2gcpds |
| 710 | 1 |aCanada.|bNational Parole Service. |
| 710 | 2 |aCanadian Penitentiary Service. |
| 710 | 2 |aCorrectional Service Canada. |
| 776 | 0#|tLet's talk |w(CaOODSP)9.504943 |
| 776 | 0#|tLet's talk |w(CaOODSP)9.832740 |
| 792 | |tEntre nous = |efre|w(CaOODSP)9.508535 |